• 首页
  • 本馆介绍
  • 公告通知
  • 最新文献
  • 馆藏检索
  • 电子资源
  • 读者导购
  • 参考咨询
  • 我的图书馆
  • 登录
  • 详细信息显示
  • 放入我的书架
  • 预约/预借图书
  • 作者相关作品
  • 分类相关作品
  • 丛书相关作品
  • 出版社相关作品

书目信息

  • 表格格式
  • 工作单格式
  • 卡片格式
题名:
精讲300题解析行政职业能力测验
    
 
作者: 姚裕群 , 钱俊生 主编
分册:  
出版信息: 北京   中国人民大学出版社  2007
页数: 324页
开本: 26cm
丛书名:
单 册:
中图分类: D630.3-44
科图分类:
主题词: 行政管理--能力倾向测验--中国--解题 , 行政管理 , 能力倾向测验
电子资源:
ISBN: 978-7-300-08485-5
000 00978nam0 2200289 450
001 003636471
005 20080225110808.62
010    @a978-7-300-08485-5@dCNY36.00
035    @a003636471
100    @a20071126d2007 em y0chiy0110 ea
101 0  @achi
102    @aCN@b110000
105    @ay zq 000yy
106    @ar
200 1  @a精讲300题解析行政职业能力测验@Ajing jiang 300 ti jie xi xing zheng zhi ye neng li ce yan@f姚裕群,钱俊生主编
210    @a北京@c中国人民大学出版社@d2007
215    @a324页@d26cm
300    @a2008年公务员录用考试精编教材
330    @a本书选取了历年国家及有代表性的各省市试题中的典型同类试题,从中析出解题技法,通过正误对比,给出了最佳解题途径。
606 0  @a行政管理@x能力倾向测验@y中国@x解题
606 0  @a行政管理
606 0  @a能力倾向测验
690    @aD630.3-44@v4
701  0 @a姚裕群@Ayao yu qun@f(1951~)@4主编
701  0 @a钱俊生@Aqian jun sheng@c(党校教授)@4主编
801  0 @aCN@bNLC@c20080225
905    @dD630.3-44@e134@f10
    
    精讲300题解析行政职业能力测验/姚裕群,钱俊生主编.-北京:中国人民大学出版社,2007
    324页;26cm
    2008年公务员录用考试精编教材
    
    ISBN 978-7-300-08485-5:CNY36.00
    本书选取了历年国家及有代表性的各省市试题中的典型同类试题,从中析出解题技法,通过正误对比,给出了最佳解题途径。
●
相关链接 在E读中查询图书 在五车中查询图书 在当当中查询图书 在豆瓣中查询图书


正题名:精讲300题解析行政职业能力测验     索取号:D630.3-44/134         预约/预借

序号 登录号 条形码 馆藏地/架位号 状态 备注
1 0792695   207926958   第一样本阅览室/ [索取号:D630.3-44/134] 在馆    
2 0792696   207926967   第一借阅区/ [索取号:D630.3-44/134] 在馆    
3 0792697   207926976   第一借阅区/ [索取号:D630.3-44/134] 在馆    
4 0792698   207926985   第一借阅区/ [索取号:D630.3-44/134] 在馆    
5 0792699   207926994   第一借阅区/ [索取号:D630.3-44/134] 在馆    
6 0792700   207927001   第一借阅区/ [索取号:D630.3-44/134] 在馆    
7 0792701   207927010   第一借阅区/ [索取号:D630.3-44/134] 在馆    
8 0792702   207927029   第一借阅区/ [索取号:D630.3-44/134] 在馆    
9 0792703   207927038   第一借阅区/ [索取号:D630.3-44/134] 在馆    
10 0792704   207927047   第一借阅区/ [索取号:D630.3-44/134] 在馆    
唐山师范学院图书馆 欢迎您!
大连网信软件有限公司© 版权所有